| 000 | 00362nam a2200145Ia 4500 | ||
|---|---|---|---|
| 008 | 230312s9999||||xx |||||||||||||| ||und|| | ||
| 020 | _a81-224-3361-6 | ||
| 082 |
_a621.462 _bPIL-A |
||
| 100 | _aPillai;S.K | ||
| 245 | 2 | _aA first course on electrical drives | |
| 260 |
_bNew aga _aIndia _c2012 |
||
| 300 | _a224 | ||
| 650 |
_aEngineering _vAvionics |
||
| 942 | _cBK | ||
| 999 |
_c12397 _d12397 |
||